000 00723cam a2200205 i 4500
001 37394
003 Mx-PuUPA
005 20250919105121.0
008 140415s2000 000 0 spa d
020 _a9789507866111
040 _cMx-PuUPA
041 0 _aspa
082 0 4 _axx
_bxx
_223
245 1 3 _aNotas para el estudio de la globalización :
_bun abordaje multidimensional de las transformaciones sociales contemporáneas /
_cPerla Aronso, coordinadora
264 1 _aBuenos Aires :
_bEditorial Biblos,
_c2007
300 _a159 páginas ;
_c23 cm
700 1 _aAronson, Perla,
_ecoordinador
942 _2ddc
_cLI
_hxx
_ixx
999 _c37394
_d37394